Introduction to Genetic Analysis (Record no. 35251)

MARC details
000 -LEADER
fixed length control field 00480nam a2200169Ia 4500
008 - FIXED-LENGTH DATA ELEMENTS--GENERAL INFORMATION
fixed length control field 230524s9999 xx 000 0 und d
082 ## - DEWEY DECIMAL CLASSIFICATION NUMBER
Classification number 610.3214
Item number GRI
100 ## - MAIN ENTRY--AUTHOR NAME
Personal name Anthony J.F.Griffiths
245 #0 - TITLE STATEMENT
Title Introduction to Genetic Analysis
250 ## - EDITION STATEMENT
Edition statement 8TH
260 ## - PUBLICATION, DISTRIBUTION, ETC. (IMPRINT)
Place of publication NEWYARK
Name of publisher WHF & Company
Year of publication 2005
300 ## - PHYSICAL DESCRIPTION
Number of Pages X;763
500 ## - GENERAL NOTE
General note Quantity Number: 1
650 ## - SUBJECT ADDED ENTRY--TOPICAL TERM
Topical Term Biomedical
700 ## - ADDED ENTRY--PERSONAL NAME
Personal name "Susan R.Wessler,Richard C.Lewontin,W.Gelbart , etal.,"
942 ## - ADDED ENTRY ELEMENTS (KOHA)
Koha item type Books
Holdings
Lost status Damaged status Permanent Location Current Location Shelving location Date acquired Full call number Accession Number Koha item type
    Central Library, Trident Academy of Technology Central Library, Trident Academy of Technology General Stacks 05/24/2023 610.3214 GRI 10773 Books
Trident Academy of Technology © 2023.
All rights reserved.                                                                                                                                                                                                        Designed by Team of Central Library .

Powered by Koha